Normal view
MARC view
- Cost engineering (Marcel Dekker, Inc.) ;
Entry Uniform Title
001 - CONTROL NUMBER
- control field: 25992
003 - CONTROL NUMBER IDENTIFIER
- control field: NUST
005 - DATE AND TIME OF LATEST TRANSACTION
- control field: 20191121105116.0
008 - FIXED-LENGTH DATA ELEMENTS
- fixed length control field: 191121|| aca||aabn | a|a d
040 ## - CATALOGING SOURCE
- Original cataloging agency: NUST
- Transcribing agency: NUST
130 ## - HEADING--UNIFORM TITLE
- Uniform title: Cost engineering (Marcel Dekker, Inc.) ;
670 ## - SOURCE DATA FOUND
- Source citation: Work cat.: (NUST)0: Clark, Forrest D., 1923- 25986, Applied cost engineering /, c1997.
